| 000 | 00820cab a2200241 4500 | ||
|---|---|---|---|
| 001 | WB3342-45 | ||
| 008 | 090401t1997 xxu||||| |||| 00| 0 eng d | ||
| 035 | _a(Sirsi) u81701 | ||
| 041 | _aeng | ||
| 245 | _aDairy farm redevelopments | ||
| 260 | _c1997 | ||
| 350 | _a0 | ||
| 490 |
_aPlanning (for the Natural and Built Environment) _v(124) 24 October 1997, 9(1) |
||
| 520 | _aThe impact on the countryside could be huge if applications to convert dairy buildings are successful. As more farmers leave dairying the number of farm developments is likely to increase. Details of planning appeal. | ||
| 650 | _aCONVERSION | ||
| 650 | _aDAIRY FARMS | ||
| 650 | _aFARM BUILDINGS | ||
| 650 | _aFARM REDEVELOPMENTS | ||
| 650 | _aPLANNING APPEALS | ||
| 690 | _aRURAL PRACTICE | ||
| 942 | _n0 | ||
| 948 | _c28/10/1997 | ||
| 999 |
_c51504 _d51504 |
||